Physical science for college students / (Record no. 5763)

MARC details
000 -LEADER
fixed length control field 00716nam a22002297i 4500
003 - CONTROL NUMBER IDENTIFIER
control field URS
005 - DATE AND TIME OF LATEST TRANSACTION
control field 20220117150738.0
008 - FIXED-LENGTH DATA ELEMENTS--GENERAL INFORMATION
fixed length control field 181210s2011 ph ||||| |||| 00| 0 eng d
020 ## - INTERNATIONAL STANDARD BOOK NUMBER
International Standard Book Number 9710412211
040 ## - CATALOGING SOURCE
Language of cataloging eng
Description conventions rda
Transcribing agency URS
050 14 - LIBRARY OF CONGRESS CALL NUMBER
Classification number Q 180.A1
Item number B8623 2011
100 1# - MAIN ENTRY--PERSONAL NAME
Personal name Bueno, David Cababaro,
Relator term author
245 10 - TITLE STATEMENT
Title Physical science for college students /
Statement of responsibility, etc. David Cababaro Bueno.
264 #1 - PRODUCTION, PUBLICATION, DISTRIBUTION, MANUFACTURE, AND COPYRIGHT NOTICE
Place of production, publication, distribution, manufacture Mandaluyong City :
Name of producer, publisher, distributor, manufacturer Books Atbp. Publishing,
Date of production, publication, distribution, manufacture, or copyright notice 2011.
300 ## - PHYSICAL DESCRIPTION
Extent xii, 273 pages ;
Dimensions 25 cm
336 ## - CONTENT TYPE
Content type term text
Content type code txt
Source rdacontent
337 ## - MEDIA TYPE
Media type term unmediated
Media type code n
Source rdamedia
338 ## - CARRIER TYPE
Carrier type term volume
Carrier type code nc
Source rdacarrier
500 ## - GENERAL NOTE
General note Includes bibliographical references.
650 #0 - SUBJECT ADDED ENTRY--TOPICAL TERM
Topical term or geographic name entry element Science
General subdivision Study and teaching
942 ## - ADDED ENTRY ELEMENTS (KOHA)
Koha item type Filipiniana
Source of classification or shelving scheme Library of Congress Classification
Holdings
Withdrawn status Source of classification or shelving scheme Damaged status Not for loan Collection code Home library Current library Shelving location Date acquired Source of acquisition Cost, normal purchase price Total Checkouts Full call number Barcode Date last seen Date last checked out Price effective from Koha item type Copy number
  Library of Congress Classification     Non-fiction Pililla College Library Pililla College Library General Stacks 11/23/2017       500.2 B86p 2011 URSPIL-4282 07/19/2018   11/23/2017 Filipiniana 3
  Library of Congress Classification     Non-fiction Pililla College Library Pililla College Library General Stacks 11/23/2017       500.2 B86p 2011 URSPIL-4283 07/19/2018   11/23/2017 Filipiniana 4
  Library of Congress Classification     Non-fiction Pililla College Library Pililla College Library General Stacks 07/19/2018       500.2 B86p 2011 URSPIL-3998 07/19/2018   07/19/2018 Filipiniana 2
  Library of Congress Classification     Non-fiction Pililla College Library Pililla College Library General Stacks 07/19/2018       500.2 B86p 2011 URSPIL-3997 07/19/2018   07/19/2018 Filipiniana 1
  Library of Congress Classification     Non-fiction Pililla College Library Pililla College Library General Stacks 07/19/2018       500.2 B86p 2011 URSPIL-4284 07/19/2018   07/19/2018 Filipiniana 5
  Library of Congress Classification     Non-fiction Tanay College Library Tanay College Library New Materials Shelf 11/13/2015 Purchase 580.00 1 Q 180.A1 .B8623 2011 URSTAN-N2077 12/10/2018 07/19/2017 11/13/2015 Reserved Books  

University of Rizal System
Email us at univlibservices@urs.edu.ph

Visit our Website www.urs.edu.ph/library